000 00624nam a2200241Ia 4500
001 42202
005 20240114003455.0
007 ta
008 080611s1999 g b000 u asm u
020 _cHB
040 _aCotton College,Assam
041 _aasm
082 _a891.41308
_bGo 69 Pr
100 _aGoswami, Prabhat .
245 0 _aPriyajanar sabi /
_cPrabhat Goswami.
_hTextual Documents
250 _a1st ed /
260 _aGuwahati :
_bJyoti Prakashan ,
_c1999.
653 _aAssamese stories-Collection
653 _aT/G-Assamese
942 _2ddc
_cBK
999 _c42168
_d42168